000 00399nam a2200121Ia 4500
008 160609s9999 xx 000 0 und d
100 _aLipscomb, Stephen Leon.
245 _aArt Meets Mathematics In The Fourth Dimension (2nd Edition)
245 _cBy:Stephen Leon Lipscomb
260 _c2014
650 _xCOMPUTER ANIMATION
856 _uhttp://file.ebook777.com/007/ArtMeeMatInTheFouDim(2nEdi.rar
999 _c295735
_d295735